Andean-U.S. Free-Trade Agreement Negotiations.

Examines issues involved in negotiations for an Andean-U.S. Free-Trade Agreement. Provides an overview of U.S.-Andean trade and discusses various issues involved in negotiations, including investor/state disputes, agriculture, intellectual property rights, worker protections and human rights, textil...

Full description

Bibliographic Details
Corporate Authors: Library of Congress. Congressional Research Service, ProQuest (Firm)
Format: eBook
Language:English
Published: [Place of publication not identified] : [publisher not identified], 2005.
Series:U.S. Congressional Research.
Subjects:
Online Access:Connect to the full text of this electronic book

MARC

Tag First Indicator Second Indicator Subfields
LEADER 00000cam a22000001a 4500
001 in00003309921
006 m d f
007 cr bn mmmapmmp
008 101203s2005 dcu o f000 0 eng d
005 20260430172322.2
035 |a cis2007850033 
040 |a ProQuest  |c ProQuest  |d UtOrBLW 
043 |a n-us--- 
099 |a CRS-2005-FDT-1293 
110 2 |a Library of Congress.  |b Congressional Research Service. 
245 1 0 |a Andean-U.S. Free-Trade Agreement Negotiations. 
264 1 |a [Place of publication not identified] :  |b [publisher not identified],  |c 2005. 
300 |a 1 online resource. 
336 |a text  |b txt  |2 rdacontent 
337 |a computer  |b c  |2 rdamedia 
338 |a online resource  |b cr  |2 rdacarrier 
500 |a Record is based on bibliographic data in ProQuest U.S. Congressional Research Digital Collection (last viewed Dec. 2010). Reuse except for individual research requires license from ProQuest, LLC. 
500 |a CRS Report. 
520 |a Examines issues involved in negotiations for an Andean-U.S. Free-Trade Agreement. Provides an overview of U.S.-Andean trade and discusses various issues involved in negotiations, including investor/state disputes, agriculture, intellectual property rights, worker protections and human rights, textiles, visas, and the environment. 
500 |a Electronic resource. 
650 0 |a Agriculture. 
650 0 |a Pollution. 
650 0 |a Human rights. 
655 7 |a Electronic books.  |2 local 
710 2 |a ProQuest (Firm) 
776 0 8 |i Microfiche version:   |a Library of Congress. Congressional Research Service.  |t Andean-U.S. Free-Trade Agreement Negotiations 
830 0 |a U.S. Congressional Research. 
856 4 0 |u http://proxy.library.tamu.edu/login?url=https://congressional.proquest.com/congcomp/getdoc?CRDC-ID=CRS-2005-FDT-1293  |z Connect to the full text of this electronic book  |t 0 
999 |a MARS 
999 f f |s 86dfedad-4f49-3d40-a552-8020a5cb7e0d  |i 79683d70-9a58-3604-b028-18a88449692e  |t 0 
952 f f |a Texas A&M University  |b College Station  |c Electronic Resources  |s www_evans  |d Available Online  |t 0  |e CRS-2005-FDT-1293  |h Other scheme 
998 f f |a CRS-2005-FDT-1293  |t 0  |l Available Online